| 000 | 01622nam a22003857a 4500 | ||
|---|---|---|---|
| 001 | 24 | ||
| 003 | FISKH | ||
| 005 | 20230220165159.0 | ||
| 008 | 230220b cb ||||| |||| 00| 0 eng d | ||
| 020 | _a9780312561123 | ||
| 040 |
_aDLC _cDLC _dFISKH _beng |
||
| 042 | _alcac | ||
| 050 | 0 | 0 |
_aPZ7.O217 _bHow 2007 |
| 082 | 0 | 0 | _a813.54 |
| 100 | 1 | _aO'Connor, Barbara. | |
| 245 | 1 | 0 |
_aHow to steal a dog : _ba novel / _cby Barbara O'Connor. |
| 250 | _a1st ed. | ||
| 260 |
_aNew York : _bFarrar, Straus & Giroux, _cc2007. |
||
| 300 |
_a170 p. ; _c20 cm. |
||
| 500 | _a"Frances Foster books." | ||
| 520 | _aLiving in the family car in their small North Carolina town after their father leaves them virtually penniless, Georgina, desperate to improve their situation and unwilling to accept her overworked mother's calls for patience, persuades her younger brother to help her in an elaborate scheme to get money by stealing a dog and then claiming the reward that the owners are bound to offer. | ||
| 521 |
_a700 _bLexile |
||
| 521 |
_a S _bRaz-Paz |
||
| 650 | 1 |
_aHomeless persons _vFiction. |
|
| 650 | 1 |
_aFamily problems _vFiction. |
|
| 650 | 1 |
_aConduct of life _vFiction. |
|
| 650 | 1 |
_aInterpersonal relations _vFiction. |
|
| 650 | 1 |
_aSiblings _vFiction. |
|
| 650 | 1 |
_aDogs _vFiction. |
|
| 651 | 1 |
_aNorth Carolina _vFiction. |
|
| 856 | 4 | 2 |
_3Contributor biographical information _uhttp://www.loc.gov/catdir/enhancements/fy0702/2005040166-b.html |
| 856 | 4 | 2 |
_3Publisher description _uhttp://www.loc.gov/catdir/enhancements/fy0702/2005040166-d.html |
| 906 |
_a7 _bcbc _corignew _d1 _eocip _f20 _gy-gencatlg |
||
| 942 |
_2ddc _cBK _n0 |
||
| 999 |
_c24 _d24 |
||